Most Turnovers NBA - Statistics

General Stats
  • This quiz has been taken 1,704 times
  • The average score is 9 of 19
Answer Stats
Hint Answer % Correct
3,316 LeBron James
89%
4,010 Kobe Bryant
80%
4,244 John Stockton
67%
3,506 Magic Johnson
67%
3,478 Steve Nash
59%
4,003 Jason Kidd
58%
4,524 Karl Malone
56%
3,310 Shaquille O'Neal
56%
3,804 Moses Malone
54%
3,262 Allen Iverson
47%
3,381 Tim Duncan
45%
3,257 Scottie Pippen
44%
3,682 Isiah Thomas
38%
3,179 Kevin Garnett
35%
3,376 Charles Barkley
29%
3,516 Paul Pierce
29%
3,537 Patrick Ewing
27%
3,183 Robert Parish
19%
3,493 Reggie Theus
3%
No matching quizzes found
Score Distribution
Percent of People with Each Score
Percentile by Number Answered
Your Score History
You have not taken this quiz